कैलाश श्रुतसागर ग्रन्थसूची / (Record no. 199638)
[ view plain ]
| 000 -LEADER | |
|---|---|
| fixed length control field | 01787nam a22002297a 4500 |
| 005 - DATE AND TIME OF LATEST TRANSACTION | |
| control field | 20250217112522.0 |
| 010 ## - LCCN (DPL NO) | |
| LC control number | HIN-126540 HIN-126567 HIN-126540 |
| 020 ## - INTERNATIONAL STANDARD BOOK NUMBER | |
| Terms of availability | 3000.00 |
| International Standard Book Number | 9789385803031 (खंड 1.1.22) |
| 020 ## - INTERNATIONAL STANDARD BOOK NUMBER | |
| International Standard Book Number | 97899385803796 (खंड 1.1.29) |
| 035 ## - SYSTEM CONTROL NUMBER | |
| System control number | HN-98886 |
| 035 ## - SYSTEM CONTROL NUMBER | |
| System control number | HN-98913 |
| 037 ## - SOURCE OF ACQUISITION | |
| Source of stock number/acquisition | DBAD/PUB |
| 082 ## - DEWEY DECIMAL CLASSIFICATION NUMBER | |
| Classification number | 011.31 |
| 245 ## - TITLE STATEMENT | |
| Title | कैलाश श्रुतसागर ग्रन्थसूची / |
| Statement of responsibility, etc | संपादक संजय कुमार झा [et.al] |
| 250 ## - EDITION STATEMENT | |
| Edition statement | प्रथम |
| 260 ## - PUBLICATION, DISTRIBUTION, ETC. (IMPRINT) | |
| Place of publication, distribution, etc | गांधीनगर |
| Name of publisher, distributor, etc | श्री महावीर जैन आराधना केंद्र |
| Date of publication, distribution, etc | 2017 |
| 300 ## - PHYSICAL DESCRIPTION | |
| Extent | 596पृ.; |
| Dimensions | 29 सेमी (सजिल्द) |
| 490 ## - SERIES STATEMENT | |
| Volume number/sequential designation | खंड 1.1.22 |
| 500 ## - GENERAL NOTE | |
| General note | संपादक मंडल<br/>झा,रामप्रकाश पढियार, गजेन्द्र जैन ,नवीनभाई वी. झा, अरुण कुमार उत्तम सिंह पंड्या, भाविन त्रिवेदी, राहुल भट्ट, अश्विन <br/>हेमंत कुमार(संयोजक)<br/>परबत ठाकोर संजय गुर्जर (संपादन सहयोग )<br/>केतन डी शाह (कंप्यूटर प्रोग्रामिंग) |
| 710 ## - ADDED ENTRY--CORPORATE NAME | |
| Corporate name or jurisdiction name as entry element | झा,रामप्रकाश पढियार, गजेन्द्र जैन ,नवीनभाई वी. झा, अरुण कुमार उत्तम सिंह पंड्या, भाविन त्रिवेदी, राहुल भट्ट, अश्विन |
| Relator term | संपादक |
| 9 (RLIN) | 59840 |
| 942 ## - ADDED ENTRY ELEMENTS (KOHA) | |
| Source of classification or shelving scheme | Dewey Decimal Classification |
| Item type | Hindi Books |
| Call number suffix | कैलास |
| Classification part | 011.31 |
| Withdrawn status | Lost status | Not for loan | Collection code | Home library | Current library | Date acquired | Source of acquisition | Cost, normal purchase price | Full call number | Barcode | Copy number | Cost, replacement price | Koha item type |
|---|---|---|---|---|---|---|---|---|---|---|---|---|---|
| Not For Loan | Reference | Central Library | Central Library | 17/12/2023 | DBAD/PUB | 1500.00 | कैलास 011.31 | HN-98913 | 1 | 1500.00 | Hindi Books | ||
| Not For Loan | Non-fiction | D.B.Act.Division | D.B.Act.Division | 12/12/2023 | DBAD/PUB | 1500.00 | 011.31 कैलास | HN-98886 | 1 | 1500.00 | Hindi Books |
